Statystyki dla Mieszkańcy państw świata część 1

Kliknij tutaj aby rozwiązać quiz!

Ogólne statystyki

  • Ten quiz został rozwiązany 79 razy
  • Średni wynik to 8 z 15

Statystyki odpowiedzi

KrajOdpowiedź% Poprawnych
SzwajcariaSzwajcar
100%
TurcjaTurek
86%
BrazyliaBrazylijczyk
84%
Korea PołudniowaKoreańczyk
81%
PanamaPanamczyk
81%
TunezjaTunezyjczyk
77%
Wielka BrytaniaBrytyjczyk
74%
Polinezja FrancuskaPolinezyjczyk
43%
SeszeleSeszelczyk
38%
KambodżaKambodżanin
35%
NikaraguaNikaraguańczyk
30%
MalediwyMalediwczyk
28%
CzadCzadyjczyk
22%
Wyspy MarshallaMarszalczyk
9%
Sahara ZahodniaZachodniosaharyjczyk
4%

Rozkład punktacji

Percentyl według liczby udzielonych odpowiedzi

Procent ludzi z każdym wynikiem

Twoja historia wyników

Nie rozwiązałeś tego quizu